AH International Schools' Libraries

The Christmas Miracle of Jonathan Toomey / (Record no. 49278)

MARC details
000 -LEADER
fixed length control field 00526nam a2200145 4500
020 ## - INTERNATIONAL STANDARD BOOK NUMBER
International Standard Book Number 9780763636296
100 ## - MAIN ENTRY--PERSONAL NAME
Personal name Wojciechowski, Susan,
Relator term author.
9 (RLIN) 30659
245 ## - TITLE STATEMENT
Title The Christmas Miracle of Jonathan Toomey /
Remainder of title by Susan Wojciechowski.
260 ## - PUBLICATION, DISTRIBUTION, ETC. (IMPRINT)
Name of publisher, distributor, etc Walker Books:
Date of publication, distribution, etc September 3, 2015.
300 ## - PHYSICAL DESCRIPTION
Extent 40 pages.
Dimensions 5.04 x 0.83 x 7.8 inches.
650 ## - SUBJECT ADDED ENTRY--TOPICAL TERM
9 (RLIN) 42577
Topical term or geographic name as entry element Wood carving
General subdivision Fiction.
650 ## - SUBJECT ADDED ENTRY--TOPICAL TERM
9 (RLIN) 63112
Topical term or geographic name as entry element Books : Children's Books : Holidays & Celebrations : Christmas
650 ## - SUBJECT ADDED ENTRY--TOPICAL TERM
9 (RLIN) 958
Topical term or geographic name as entry element Friendship
Form subdivision Fiction.
942 ## - ADDED ENTRY ELEMENTS (KOHA)
Source of classification or shelving scheme
Koha item type Book
Holdings
Withdrawn status Lost status Source of classification or shelving scheme Damaged status Not for loan Home library Current library Date acquired Total Checkouts Full call number Barcode Date last seen Price effective from Koha item type
          Logos International School Logos International School 08/13/2025   J FIC WOJ 042846 08/13/2025 08/13/2025 Book

For any Logos Library related questions please contact Miss Art at swongnarasuk@asianhope.org.

For any Asian Hope Library related questions please contact Miss Raza at graza@asianhope.org.

Click here to explore our ebooks!

Powered by Koha